Mountolive: a novel
La tercera novela de la tetralogía Alejandría, donde se narran todos los acontecimientos vividos desde Justice, esta novela se caracteriza por presentar un narrador en tercera persona y más neutral con los sucesos, proyectándose más abierto a la política de lo que eran Darley y Baltazar.
Guardado en:
| 主要作者: | |
|---|---|
| 格式: | 圖書 |
| 語言: | Undetermined |
| 出版: |
Londres, Inglaterra
Faber and Faber
1958
|
| 主題: | |
| 標簽: |
添加標簽
沒有標簽, 成為第一個標記此記錄!
|
MARC
| LEADER | 00000nam a2200000Ia 4500 | ||
|---|---|---|---|
| 008 | 170316s9999 xx 000 0 und d | ||
| 040 | |a cru BVZT | ||
| 090 | |a 820 D-13mo | ||
| 100 | |a Durrell, Lawrence | ||
| 245 | |a Mountolive: a novel | ||
| 260 | |a Londres, Inglaterra | ||
| 260 | |b Faber and Faber | ||
| 260 | |c 1958 | ||
| 300 | |a 285 páginas | ||
| 520 | |a La tercera novela de la tetralogía Alejandría, donde se narran todos los acontecimientos vividos desde Justice, esta novela se caracteriza por presentar un narrador en tercera persona y más neutral con los sucesos, proyectándose más abierto a la política de lo que eran Darley y Baltazar. | ||
| 650 | |a LITERATURA INGLESA |9 12 | ||
| 650 | |a NOVELA |9 13 | ||
| 999 | |c 6841 |d 6841 | ||
| 942 | |c 15 D |h 820 D-13mo |2 z | ||
